000 00820nam a2200241 a 4500
001 BRCA_6432
005 20190320205442.0
008 210911s1913----gw-#######---#000-0#eng-#
041 _aeng
044 _agw
050 4 _aPZ3
_b.B75 5 1913
100 1 _aGalsworthy, John
_d1867-1933
_916066
245 1 0 _aThe dark flower
_cby John Galsworthy.
260 _aLeipzig, Alemania
_bBernhard Tauchnitz
_c1913
300 _a288 p.
_c17 cm.
440 0 _aCollection of British authors. Tauchnitz edition
_vv. 4445
_916067
500 _aEn la cubierta: Collection of British and American authors
500 _aVer tambiƩn CEF6, H144, L2, L15, L16, L18, L19, L20, L22, L23, L24, L25, L26, L27, L32, L166, N9, N11, N12, N13 y N17
500 _aL17
650 1 4 _aLiteratura inglesa
_916068
902 _aGFM
942 _2lcc
_cB
999 _c6116
_d6116